Elements of mechanical Engineering: SI Units (Record no. 141122)

MARC details
000 -LEADER
fixed length control field 00362nam a2200145Ia 4500
008 - FIXED-LENGTH DATA ELEMENTS--GENERAL INFORMATION
fixed length control field 230917s9999||||xx |||||||||||||| ||und||
040 ## - CATALOGING SOURCE
-- 128750
Original cataloging agency VIVEKANANDA LIBRARY
041 ## - Language
-- English
082 ## - DDC NUMBER
Classification number 621 R137E
100 ## - MAIN ENTRY--PERSONAL NAME
Personal name Rajput , R.K.
245 #0 - TITLE STATEMENT
Title Elements of mechanical Engineering: SI Units
260 ## - PUBLICATION, DISTRIBUTION, ETC. (IMPRINT)
Place of publication, distribution, etc Bangalore
Name of publisher, distributor, etc Laxmi
Date of publication, distribution, etc 2006
300 ## - PHYSICAL DESCRIPTION
Pages 620p p.
942 ## - ADDED ENTRY ELEMENTS (KOHA)
Koha item type Books
Holdings
Withdrawn status Lost status Damaged status Not for loan Location (home branch) Sublocation or collection (holding branch) Shelving location Date acquired Koha issues (times borrowed) Koha full call number Accession No. Koha date last seen Koha item type
        VIVEKANANDA LIBRARY VIVEKANANDA LIBRARY UIET Library 29/01/2010   621 R137E 246086 17/09/2023 Books
        VIVEKANANDA LIBRARY VIVEKANANDA LIBRARY UIET Library 29/01/2010 2 621 R137E 246087 08/10/2025 Books
        VIVEKANANDA LIBRARY VIVEKANANDA LIBRARY UIET Library 29/01/2010 2 621 R137E 246093 24/09/2025 Books
        VIVEKANANDA LIBRARY VIVEKANANDA LIBRARY UIET Library 29/01/2010 2 621 R137E 246096 02/09/2025 Books
        VIVEKANANDA LIBRARY VIVEKANANDA LIBRARY UIET Library 29/01/2010   621 R137E 246101 17/09/2023 Books
        VIVEKANANDA LIBRARY VIVEKANANDA LIBRARY UIET Library 29/01/2010   621 R137E 246104 17/09/2023 Books
        VIVEKANANDA LIBRARY VIVEKANANDA LIBRARY UIET Library 29/01/2010   621 R137E 246109 17/09/2023 Books
        VIVEKANANDA LIBRARY VIVEKANANDA LIBRARY UIET Library 29/01/2010   621 R137E 246111 17/09/2023 Books
        VIVEKANANDA LIBRARY VIVEKANANDA LIBRARY UIET Library 29/01/2010   621 R137E 246113 17/09/2023 Books
        VIVEKANANDA LIBRARY VIVEKANANDA LIBRARY UIET Library 29/01/2010   621 R137E 246114 17/09/2023 Books
© Designed and Maintained by Vivekananda Library, MDU Rohtak